[Event "Göteborg Open 2015"]
[Site "Biblioteksgatan 2, Mölnlycke, Sweden"]
[Date "2015.08.16"]
[Round "8.4"]
[White "Nygren, Kim"]
[Black "Zelbel, Patrick"]
[Result "1-0"]
[BlackElo "2450"]
[WhiteElo "2211"]
[LiveChessVersion "1.4.6"]

1. e4 {[%clk 1:27:17]} e5 {[%clk 1:29:33]} 2. Nf3 {[%clk 1:26:23]} Nc6
{[%clk 1:29:59]} 3. Bb5 {[%clk 1:26:24]} a6 {[%clk 1:30:26]} 4. Ba4
{[%clk 1:26:50]} Nf6 {[%clk 1:30:51]} 5. d3 {[%clk 1:26:58]} b5 {[%clk 1:31:01]}
6. Bb3 {[%clk 1:27:24]} Be7 {[%clk 1:31:27]} 7. Nc3 {[%clk 1:27:08]} d6
{[%clk 1:30:14]} 8. h3 {[%clk 1:25:47]} Na5 {[%clk 1:28:21]} 9. Nh2
{[%clk 1:20:04]} Bb7 {[%clk 1:21:53]} 10. Ng4 {[%clk 1:18:27]} Qd7
{[%clk 1:18:43]} 11. Bd2 {[%clk 1:15:57]} Nxb3 {[%clk 1:12:23]} 12. axb3
{[%clk 1:15:13]} h5 {[%clk 1:07:26]} 13. Nxf6+ {[%clk 1:08:20]} Bxf6
{[%clk 1:07:40]} 14. Qf3 {[%clk 1:07:49]} c6 {[%clk 1:06:37]} 15. O-O
{[%clk 1:02:18]} Qe7 {[%clk 0:59:59]} 16. Ne2 {[%clk 0:58:42]} Qe6
{[%clk 0:57:46]} 17. d4 {[%clk 0:50:07]} exd4 {[%clk 0:48:10]} 18. Nf4
{[%clk 0:49:35]} Qe5 {[%clk 0:48:35]} 19. Nd3 {[%clk 0:49:11]} Qe7
{[%clk 0:48:29]} 20. Rfe1 {[%clk 0:48:53]} Be5 {[%clk 0:43:46]} 21. c3
{[%clk 0:40:58]} dxc3 {[%clk 0:38:43]} 22. Bxc3 {[%clk 0:41:00]} Bxc3
{[%clk 0:33:06]} 23. bxc3 {[%clk 0:41:18]} c5 {[%clk 0:33:33]} 24. Nf4
{[%clk 0:37:05]} Qe5 {[%clk 0:33:20]} 25. Rad1 {[%clk 0:27:16]} O-O-O
{[%clk 0:24:40]} 26. Nd5 {[%clk 0:26:15]} f6 {[%clk 0:22:00]} 27. b4
{[%clk 0:25:15]} Rhe8 {[%clk 0:22:03]} 28. c4 {[%clk 0:24:34]} Kb8
{[%clk 0:18:20]} 29. Qa3 {[%clk 0:23:36]} bxc4 {[%clk 0:17:10]} 30. bxc5
{[%clk 0:22:29]} dxc5 {[%clk 0:16:43]} 31. Rb1 {[%clk 0:18:33]} Rxd5
{[%clk 0:14:40]} 32. exd5 {[%clk 0:18:38]} Qxe1+ {[%clk 0:15:07]} 33. Rxe1
{[%clk 0:19:02]} Rxe1+ {[%clk 0:15:36]} 34. Kh2 {[%clk 0:19:25]} Re5
{[%clk 0:11:44]} 35. Qxc5 {[%clk 0:15:55]} Rxd5 {[%clk 0:11:49]} 36. Qxc4
{[%clk 0:15:29]} g5 {[%clk 0:10:40]} 37. Qe2 {[%clk 0:10:58]} Rf5
{[%clk 0:10:49]} 38. Qe6 {[%clk 0:09:07]} Rf4 {[%clk 0:10:42]} 39. Qb6
{[%clk 0:08:50]} Ka8 {[%clk 0:09:02]} 40. Kg1 {[%clk 0:08:47]} Kb8
{[%clk 0:07:42]} 41. h4 {[%clk 0:07:13]} Rxh4 {[%clk 0:06:08]} 42. Qxf6
{[%clk 0:07:21]} Rc4 {[%clk 0:05:00]} 43. Qxg5 {[%clk 0:07:24]} Rg4
{[%clk 0:05:28]} 44. Qe5+ {[%clk 0:06:05]} Ka8 {[%clk 0:04:57]} 45. f3
{[%clk 0:05:41]} Rb4 {[%clk 0:00:55]} 46. Qxh5 {[%clk 0:05:46]} Rb5
{[%clk 0:01:22]} 47. Qe8+ {[%clk 0:05:51]} Ka7 {[%clk 0:01:50]} 48. Qe3+
{[%clk 0:05:25]} Rb6 {[%clk 0:01:46]} 49. g4 {[%clk 0:05:00]} a5 {[%clk 0:02:12]}
50. g5 {[%clk 0:04:37]} Ka6 {[%clk 0:02:40]} 51. Qd3+ {[%clk 0:04:45]} Ka7
{[%clk 0:03:06]} 52. g6 {[%clk 0:04:42]} Bxf3 {[%clk 0:03:32]} 53. g7
{[%clk 0:04:03]} Bd5 {[%clk 0:03:59]} 54. Qxd5 {[%clk 0:04:12]} Rg6+
{[%clk 0:04:26]} 1-0

[Event "Göteborg Open 2015"]
[Site "Biblioteksgatan 2, Mölnlycke, Sweden"]
[Date "2015.08.16"]
[Round "8.5"]
[White "Braun, Christian"]
[Black "Ask, Josef"]
[Result "1-0"]
[BlackElo "2166"]
[WhiteElo "2420"]
[LiveChessVersion "1.4.6"]

1. e4 e5 {[%clk 1:28:55]} 2. Nf3 {[%clk 1:24:44]} Nc6 {[%clk 1:29:22]} 3. Bc4
{[%clk 1:25:04]} Nf6 {[%clk 1:29:41]} 4. d3 {[%clk 1:25:29]} h6 {[%clk 1:29:03]}
5. c3 {[%clk 1:25:50]} d6 {[%clk 1:29:10]} 6. Bb3 {[%clk 1:26:12]} g6
{[%clk 1:29:10]} 7. Nbd2 {[%clk 1:26:18]} Bg7 {[%clk 1:29:21]} 8. Nf1
{[%clk 1:26:14]} O-O {[%clk 1:29:08]} 9. Ng3 {[%clk 1:26:38]} Na5
{[%clk 1:24:32]} 10. Bc2 {[%clk 1:27:01]} c5 {[%clk 1:24:51]} 11. O-O
{[%clk 1:26:57]} Nc6 {[%clk 1:24:51]} 12. h3 {[%clk 1:27:20]} Nh7
{[%clk 1:23:37]} 13. Bb3 {[%clk 1:24:16]} Be6 {[%clk 1:22:59]} 14. Be3
{[%clk 1:23:04]} Ng5 {[%clk 1:19:25]} 15. Nxg5 {[%clk 1:22:26]} hxg5
{[%clk 1:19:50]} 16. Bxe6 {[%clk 1:22:45]} fxe6 {[%clk 1:20:15]} 17. Qg4
{[%clk 1:23:09]} Bf6 {[%clk 1:18:10]} 18. h4 {[%clk 1:20:16]} gxh4
{[%clk 1:18:01]} 19. Qxg6+ {[%clk 1:20:33]} Kh8 {[%clk 1:18:22]} 20. Nh5
{[%clk 1:20:17]} Qe7 {[%clk 1:18:33]} 21. Nxf6 {[%clk 1:18:32]} Rxf6
{[%clk 1:17:46]} 22. Qh5+ {[%clk 1:18:50]} Qh7 {[%clk 1:18:07]} 23. Qxh7+
{[%clk 1:19:08]} Kxh7 {[%clk 1:18:30]} 24. Bg5 {[%clk 1:19:32]} Rg6
{[%clk 1:18:32]} 25. Bxh4 {[%clk 1:19:52]} Rag8 {[%clk 1:18:13]} 26. Bg3
{[%clk 1:20:12]} Rg4 {[%clk 1:16:28]} 27. Rfe1 {[%clk 1:20:12]} Ne7
{[%clk 1:16:36]} 28. Kf1 {[%clk 1:20:21]} Ng6 {[%clk 1:16:45]} 29. Ke2
{[%clk 1:20:25]} Nf4+ {[%clk 1:14:14]} 30. Bxf4 {[%clk 1:20:39]} exf4
{[%clk 1:14:27]} 31. Rh1+ {[%clk 1:20:58]} Kg6 {[%clk 1:14:30]} 32. Kf3
{[%clk 1:21:16]} Kf6 {[%clk 1:14:29]} 33. Rh6+ {[%clk 1:21:18]} Ke5
{[%clk 1:13:52]} 34. Rd1 {[%clk 1:21:36]} d5 {[%clk 1:13:20]} 35. d4+
{[%clk 1:22:00]} cxd4 {[%clk 1:14:10]} 36. cxd4+ {[%clk 1:22:24]} Kd6
{[%clk 1:14:36]} 37. e5+ {[%clk 1:22:46]} Kd7 {[%clk 1:14:53]} 38. Rh7+
{[%clk 1:23:08]} R8g7 {[%clk 1:15:03]} 39. Rxg7+ {[%clk 1:23:15]} Rxg7
{[%clk 1:15:29]} 40. Rh1 {[%clk 1:23:21]} Rg8 {[%clk 1:14:22]} 41. Rh7+
{[%clk 1:23:43]} Kc6 {[%clk 1:14:35]} 42. Rf7 {[%clk 1:24:02]} Kb5
{[%clk 1:14:05]} 43. Rxf4 {[%clk 1:21:58]} Kc4 {[%clk 1:14:07]} 44. g4
{[%clk 1:21:26]} Kd3 {[%clk 1:14:22]} 45. Kg3 {[%clk 1:21:27]} b5
{[%clk 1:13:40]} 46. Rf6 {[%clk 1:19:57]} Re8 {[%clk 1:13:27]} 47. Rf4
{[%clk 1:20:23]} b4 {[%clk 1:13:27]} 48. g5 {[%clk 1:20:37]} a5 {[%clk 1:13:13]}
49. Rf7 {[%clk 1:20:12]} Kxd4 {[%clk 1:13:27]} 50. f4 {[%clk 1:20:36]} Ke3
{[%clk 1:13:38]} 51. g6 {[%clk 1:11:04]} d4 {[%clk 1:13:47]} 52. Kg4
{[%clk 1:11:06]} d3 {[%clk 1:13:25]} 53. Rd7 {[%clk 1:11:27]} d2 {[%clk 1:10:22]}
54. f5 {[%clk 1:11:14]} exf5+ {[%clk 1:10:26]} 55. Kxf5 {[%clk 1:11:41]} Rf8+
{[%clk 1:10:01]} 56. Ke6 {[%clk 1:11:57]} Re8+ {[%clk 1:08:53]} 57. Kf6
{[%clk 1:12:02]} Rf8+ {[%clk 1:08:42]} 58. Ke7 {[%clk 1:12:00]} Rf1
{[%clk 1:08:05]} 59. g7 {[%clk 1:11:57]} Rg1 {[%clk 1:08:01]} 60. Kf8
{[%clk 1:12:16]} Rf1+ {[%clk 1:08:25]} 61. Kg8 {[%clk 1:12:14]} Rf4
{[%clk 0:57:13]} 62. e6 {[%clk 1:11:28]} Rd4 {[%clk 0:53:28]} 63. e7
{[%clk 1:11:10]} d1=Q {[%clk 0:53:12]} 64. e8=Q+ {[%clk 1:11:32]} Kf2
{[%clk 0:52:28]} 65. Qf7+ {[%clk 1:11:23]} Kg3 {[%clk 0:51:47]} 66. Qg6+
{[%clk 1:11:02]} Kh2 {[%clk 0:51:49]} 67. Qh6+ {[%clk 1:09:40]} Kg2 68. Qg5+ Kh3
69. Qh6+ Kg2 70. Qg5+ Kh1 71. Qh4+ 1-0

[Event "Göteborg Open 2015"]
[Site "Biblioteksgatan 2, Mölnlycke, Sweden"]
[Date "2015.08.16"]
[Round "8.6"]
[White "Johansen, Paul"]
[Black "Alvir, Aco"]
[Result "0-1"]
[BlackElo "2357"]
[WhiteElo "2161"]
[LiveChessVersion "1.4.6"]

1. d4 {[%clk 1:30:55]} Nf6 {[%clk 1:30:43]} 2. Bf4 {[%clk 1:31:16]} c5
{[%clk 1:29:31]} 3. e3 {[%clk 1:30:24]} g6 {[%clk 1:27:52]} 4. c3
{[%clk 1:30:48]} b6 {[%clk 1:28:09]} 5. Nf3 {[%clk 1:31:07]} Bg7 {[%clk 1:28:34]}
6. Nbd2 {[%clk 1:31:14]} O-O {[%clk 1:28:58]} 7. h3 {[%clk 1:31:17]} d6
{[%clk 1:29:03]} 8. Qc2 {[%clk 1:30:37]} Bb7 {[%clk 1:29:18]} 9. Be2
{[%clk 1:30:46]} Nbd7 {[%clk 1:25:20]} 10. O-O {[%clk 1:31:05]} Rc8
{[%clk 1:25:07]} 11. Rfd1 {[%clk 1:30:18]} Qc7 {[%clk 1:22:17]} 12. Bh2
{[%clk 1:26:35]} Qb8 {[%clk 1:21:00]} 13. Qa4 {[%clk 1:24:51]} Qa8
{[%clk 1:21:07]} 14. Ba6 {[%clk 1:24:41]} Rc7 {[%clk 1:17:41]} 15. Bxb7
{[%clk 1:25:01]} Qxb7 {[%clk 1:18:07]} 16. Qc2 {[%clk 1:19:31]} Qa6
{[%clk 1:10:55]} 17. Ne4 {[%clk 1:12:37]} cxd4 {[%clk 1:09:41]} 18. Nxf6+
{[%clk 1:12:04]} Nxf6 {[%clk 1:09:22]} 19. exd4 {[%clk 1:12:03]} Nd5
{[%clk 1:08:08]} 20. Qd2 {[%clk 1:09:19]} b5 {[%clk 1:07:26]} 21. Qe2
{[%clk 1:08:46]} Qc6 {[%clk 1:07:37]} 22. a3 {[%clk 1:07:05]} a5 {[%clk 1:02:55]}
23. Rac1 {[%clk 1:04:23]} Qc4 {[%clk 1:02:44]} 24. Kf1 {[%clk 0:59:50]} Bh6
{[%clk 1:00:13]} 25. Qxc4 {[%clk 0:54:59]} bxc4 {[%clk 0:59:59]} 26. Rc2
{[%clk 0:54:52]} f5 {[%clk 0:59:09]} 27. Ke2 {[%clk 0:52:10]} f4 {[%clk 0:53:13]}
28. Bg1 {[%clk 0:50:30]} Rb8 {[%clk 0:53:22]} 29. Ra1 {[%clk 0:47:59]} Kf7
{[%clk 0:45:38]} 30. a4 {[%clk 0:45:49]} Ke6 {[%clk 0:41:34]} 31. Kd1
{[%clk 0:45:41]} Kf5 {[%clk 0:40:02]} 32. Re2 {[%clk 0:44:05]} g5
{[%clk 0:38:40]} 33. Kc2 {[%clk 0:42:49]} Bg7 {[%clk 0:36:31]} 34. g4+
{[%clk 0:40:13]} fxg3 {[%clk 0:32:49]} 35. fxg3 {[%clk 0:40:09]} h5
{[%clk 0:32:42]} 36. Be3 {[%clk 0:34:24]} Rcb7 {[%clk 0:32:18]} 37. Bc1
{[%clk 0:34:09]} Bf6 {[%clk 0:32:40]} 38. Nd2 {[%clk 0:34:09]} Nb6
{[%clk 0:31:41]} 39. Nf1 {[%clk 0:32:02]} Kg6 {[%clk 0:31:38]} 40. Ne3
{[%clk 0:31:23]} e5 {[%clk 0:29:49]} 41. d5 {[%clk 0:26:32]} Rc7 {[%clk 0:29:51]}
42. g4 {[%clk 0:25:44]} hxg4 {[%clk 0:28:43]} 43. hxg4 {[%clk 0:25:48]} Rh8
{[%clk 0:28:55]} 44. Bd2 {[%clk 0:21:26]} Rh3 {[%clk 0:27:50]} 45. Nf5
{[%clk 0:20:56]} Be7 {[%clk 0:25:04]} 46. Rd1 {[%clk 0:16:49]} Rb7
{[%clk 0:22:57]} 47. Nxe7+ {[%clk 0:15:18]} Rxe7 {[%clk 0:23:21]} 48. Be3
{[%clk 0:14:36]} Nd7 {[%clk 0:23:45]} 49. b4 {[%clk 0:14:01]} cxb3+
{[%clk 0:24:11]} 50. Kxb3 {[%clk 0:14:20]} Nf6 {[%clk 0:23:34]} 51. Kc4
{[%clk 0:10:57]} Rc7+ {[%clk 0:22:19]} 52. Kb5 {[%clk 0:11:21]} Rxc3
{[%clk 0:22:46]} 53. Bb6 {[%clk 0:10:48]} Rh8 {[%clk 0:22:45]} 54. Kxa5
{[%clk 0:06:00]} Rb3 {[%clk 0:21:34]} 55. Ka6 {[%clk 0:05:23]} Ra8+
{[%clk 0:20:56]} 56. Kb7 {[%clk 0:03:31]} Rxa4 {[%clk 0:19:51]} 57. Rc2
{[%clk 0:02:34]} Nd7 {[%clk 0:20:01]} 58. Rc6 {[%clk 0:02:29]} Rxb6+
{[%clk 0:20:18]} 59. Kc7 {[%clk 0:02:19]} Ra7+ {[%clk 0:17:16]} 60. Kxd6
{[%clk 0:02:31]} Rb4 {[%clk 0:17:15]} 61. Rf1 {[%clk 0:00:39]} Rf4
{[%clk 0:17:35]} 62. Rxf4 {[%clk 0:00:44]} gxf4 {[%clk 0:17:57]} 63. Ke7+
{[%clk 0:00:31]} Kg5 {[%clk 0:17:46]} 64. d6 {[%clk 0:00:49]} f3 {[%clk 0:17:15]}
65. Rc2 {[%clk 0:00:33]} e4 {[%clk 0:17:31]} 66. Ke6 {[%clk 0:00:32]} e3
{[%clk 0:17:47]} 67. Rc3 {[%clk 0:00:36]} e2 {[%clk 0:17:26]} 68. Re3
{[%clk 0:00:39]} Kf4 {[%clk 0:17:08]} 0-1

[Event "Göteborg Open 2015"]
[Site "Biblioteksgatan 2, Mölnlycke, Sweden"]
[Date "2015.08.16"]
[Round "8.7"]
[White "Svensson, Leif"]
[Black "Blomqvist, Erik"]
[Result "0-1"]
[BlackElo "2508"]
[WhiteElo "2106"]
[LiveChessVersion "1.4.6"]

1. d4 {[%clk 1:30:57]} d5 {[%clk 1:30:52]} 2. Nc3 {[%clk 1:31:21]} Nf6
{[%clk 1:31:02]} 3. Bg5 {[%clk 1:31:41]} Nbd7 {[%clk 1:30:12]} 4. e3
{[%clk 1:31:16]} e6 {[%clk 1:29:06]} 5. f4 {[%clk 1:31:24]} c5 {[%clk 1:28:15]}
6. Nf3 {[%clk 1:31:42]} Be7 {[%clk 1:26:05]} 7. Be2 {[%clk 1:26:45]} a6
{[%clk 1:25:13]} 8. a4 {[%clk 1:26:03]} Qc7 {[%clk 1:22:53]} 9. O-O
{[%clk 1:25:59]} h6 {[%clk 1:21:15]} 10. Bh4 {[%clk 1:26:03]} cxd4
{[%clk 1:20:39]} 11. exd4 {[%clk 1:25:33]} Qxf4 {[%clk 1:12:56]} 12. Bg3
{[%clk 1:25:41]} Qf5 {[%clk 1:13:08]} 13. Ne5 {[%clk 1:24:12]} Qh7
{[%clk 1:13:28]} 14. Bd3 {[%clk 1:23:52]} g6 {[%clk 1:11:58]} 15. Qf3
{[%clk 1:22:00]} O-O {[%clk 1:10:27]} 16. Bh4 {[%clk 1:18:04]} Nxe5
{[%clk 1:07:58]} 17. dxe5 {[%clk 1:18:24]} Bc5+ {[%clk 1:08:23]} 18. Kh1
{[%clk 1:18:38]} Nd7 {[%clk 1:08:40]} 19. Rae1 {[%clk 1:16:33]} Re8
{[%clk 0:57:01]} 20. Bf6 {[%clk 1:09:10]} Nxf6 {[%clk 0:55:38]} 21. exf6
{[%clk 1:09:33]} Bd7 {[%clk 0:56:00]} 22. Re5 {[%clk 1:06:16]} Bc6
{[%clk 0:54:15]} 23. Rh5 {[%clk 1:06:21]} Rad8 {[%clk 0:52:54]} 24. Qh3
{[%clk 1:06:35]} Bf8 {[%clk 0:53:03]} 25. Rf4 {[%clk 1:02:59]} e5
{[%clk 0:51:31]} 26. Bxg6 {[%clk 1:02:59]} fxg6 {[%clk 0:49:10]} 27. f7+
{[%clk 1:03:01]} Kg7 {[%clk 0:44:43]} 28. fxe8=Q {[%clk 1:02:33]} Rxe8
{[%clk 0:45:03]} 29. Rg4 d4 {[%clk 0:41:28]} 30. Ne2 {[%clk 0:50:55]} Bxa4
{[%clk 0:40:56]} 31. Qd3 {[%clk 0:49:00]} Kh8 {[%clk 0:28:01]} 32. Rxg6
{[%clk 0:45:01]} Bg7 {[%clk 0:27:54]} 33. Qg3 {[%clk 0:41:01]} Bxc2
{[%clk 0:26:12]} 34. Rb6 {[%clk 0:38:43]} d3 {[%clk 0:24:44]} 35. Nc3
{[%clk 0:38:05]} d2 {[%clk 0:23:41]} 36. Rxb7 {[%clk 0:37:34]} Qg6
{[%clk 0:23:11]} 37. Qh3 {[%clk 0:29:52]} Rf8 0-1

[Event "Göteborg Open 2015"]
[Site "Biblioteksgatan 2, Mölnlycke, Sweden"]
[Date "2015.08.16"]
[Round "8.8"]
[White "Olsen, Robin"]
[Black "Fries-Nielsen, Jens Ove"]
[Result "0-1"]
[BlackElo "2434"]
[WhiteElo "2071"]
[LiveChessVersion "1.4.6"]

1. d4 {[%clk 1:29:10]} Nf6 {[%clk 1:30:08]} 2. c4 {[%clk 1:29:36]} e6
{[%clk 1:30:31]} 3. Nf3 {[%clk 1:30:02]} c5 {[%clk 1:30:56]} 4. d5
{[%clk 1:30:06]} exd5 {[%clk 1:30:17]} 5. cxd5 {[%clk 1:30:30]} d6
{[%clk 1:30:32]} 6. Nc3 {[%clk 1:30:52]} Na6 {[%clk 1:30:36]} 7. e4
{[%clk 1:29:53]} Nc7 {[%clk 1:30:42]} 8. a4 {[%clk 1:29:52]} a6 {[%clk 1:29:16]}
9. Be2 {[%clk 1:27:30]} Rb8 {[%clk 1:28:18]} 10. a5 {[%clk 1:26:59]} Be7
{[%clk 1:26:12]} 11. O-O {[%clk 1:26:31]} O-O {[%clk 1:26:39]} 12. Nd2
{[%clk 1:26:18]} Bd7 {[%clk 1:25:46]} 13. f4 {[%clk 1:23:01]} Bb5
{[%clk 1:24:59]} 14. Nc4 {[%clk 1:21:01]} Nd7 {[%clk 1:19:05]} 15. e5
{[%clk 1:16:31]} Bxc4 {[%clk 1:19:14]} 16. Bxc4 {[%clk 1:15:20]} b5
{[%clk 1:19:28]} 17. axb6 {[%clk 1:11:53]} Rxb6 {[%clk 1:19:23]} 18. Re1
{[%clk 1:09:12]} Qb8 {[%clk 1:18:26]} 19. Qg4 {[%clk 1:04:29]} f5
{[%clk 1:17:11]} 20. Qe2 {[%clk 1:04:07]} Kh8 {[%clk 1:16:04]} 21. g4
{[%clk 1:01:25]} dxe5 {[%clk 1:07:36]} 22. fxe5 {[%clk 1:01:06]} Rg6
{[%clk 1:06:38]} 23. h3 {[%clk 0:55:40]} Nxe5 {[%clk 0:59:33]} 24. Qxe5
{[%clk 0:54:47]} Bd6 {[%clk 0:59:37]} 25. Qe2 {[%clk 0:53:59]} Qd8
{[%clk 0:55:37]} 26. g5 {[%clk 0:52:30]} f4 {[%clk 0:50:36]} 27. h4
{[%clk 0:49:23]} f3 {[%clk 0:45:25]} 28. Qf2 {[%clk 0:49:16]} Qd7
{[%clk 0:43:22]} 29. Re6 {[%clk 0:47:13]} Nxe6 {[%clk 0:35:38]} 30. dxe6
{[%clk 0:46:41]} Rxe6 {[%clk 0:35:37]} 31. Bxe6 {[%clk 0:42:33]} Qxe6
{[%clk 0:36:02]} 32. Ra4 {[%clk 0:40:30]} c4 {[%clk 0:35:20]} 33. Be3
{[%clk 0:36:25]} Qg4+ {[%clk 0:33:54]} 34. Kh1 {[%clk 0:34:20]} Bg3
{[%clk 0:29:59]} 35. Qd2 {[%clk 0:32:45]} Qxh4+ {[%clk 0:29:43]} 36. Kg1
{[%clk 0:33:08]} f2+ {[%clk 0:30:07]} 37. Bxf2 {[%clk 0:33:14]} Qh2+
{[%clk 0:30:19]} 38. Kf1 {[%clk 0:33:41]} Rxf2+ {[%clk 0:30:44]} 0-1

[Event "Göteborg Open 2015"]
[Site "Biblioteksgatan 2, Mölnlycke, Sweden"]
[Date "2015.08.16"]
[Round "8.9"]
[White "Knutsson, Håkan"]
[Black "Wengholm, Anders"]
[Result "1/2-1/2"]
[BlackElo "2193"]
[WhiteElo "1916"]
[LiveChessVersion "1.4.6"]

1. e4 {[%clk 1:30:54]} c5 {[%clk 1:30:06]} 2. Nf3 {[%clk 1:31:12]} e6
{[%clk 1:30:25]} 3. d4 {[%clk 1:31:35]} cxd4 {[%clk 1:30:47]} 4. Nxd4
{[%clk 1:31:55]} a6 {[%clk 1:31:08]} 5. Nc3 {[%clk 1:32:14]} Qc7 {[%clk 1:31:33]}
6. Be2 {[%clk 1:32:25]} Nf6 {[%clk 1:31:44]} 7. O-O {[%clk 1:32:29]} Be7
{[%clk 1:31:36]} 8. Kh1 {[%clk 1:31:48]} d6 {[%clk 1:31:55]} 9. f4
{[%clk 1:32:03]} Nc6 {[%clk 1:31:45]} 10. a4 {[%clk 1:32:12]} O-O
{[%clk 1:30:32]} 11. Be3 {[%clk 1:32:32]} Re8 {[%clk 1:23:25]} 12. Qe1
{[%clk 1:32:47]} Nxd4 {[%clk 0:57:01]} 13. Bxd4 {[%clk 1:30:23]} e5
{[%clk 0:51:01]} 1/2-1/2

[Event "Göteborg Open 2015"]
[Site "Biblioteksgatan 2, Mölnlycke, Sweden"]
[Date "2015.08.16"]
[Round "8.10"]
[White "Nyström, Jonas"]
[Black "Lundström, Mattias"]
[Result "1/2-1/2"]
[BlackElo "2131"]
[WhiteElo "1911"]
[LiveChessVersion "1.4.6"]

1. e4 c5 2. Nf3 d6 3. d4 cxd4 4. Nxd4 Nf6 5. Nc3 a6 6. Bc4 e6 7. Bb3 Be7 8. Be3
b5 9. Qf3 Qc7 10. Qg3 O-O 11. Bh6 Ne8 12. O-O-O Nc6 13. Nxc6 Qxc6 14. Nd5 Qb7 15.
Nxe7+ Qxe7 16. Bf4 Bb7 17. Rhe1 a5 18. a4 bxa4 19. Bxa4 e5 20. Bg5 f6 21. Bd2 Kh8
22. h4 Nc7 23. Qa3 Ne6 24. f3 Nc5 25. Be3 Nxa4 26. Qxa4 1/2-1/2